Vremja i bezvremene

Bibliographic Details
Main Author: Novomeský, Ladislav, 1904-1976 (Author)
Format: Book
Language:Undetermined
PhysicalDescription:301 s.
Published: Moskva "Progress" 1985

MARC

LEADER 00000nam a2200000 a 4500
001 vtls001350178
003 SK-MaSNL
005 20260301010329.0
008 240318s1985 xx 0 und
035 |a SNK000303507 
040 |a SNK  |b slo  |c SNK  |e AACR2 
100 1 |a Novomeský, Ladislav,  |d 1904-1976  |4 aut  |9 75208 
245 1 0 |a Vremja i bezvremene 
260 |a Moskva  |b "Progress"  |c 1985 
300 |a 301 s. 
958 |a OND 
999 |c 547799  |d 549729 
952 |t P60, <03>, [BOOK], {603}  |a SNK  |b SNK  |y PREZ  |7 0  |p 17A0172702  |o snkSD 57336  |0 0  |1 0  |4 0  |d 1998-12-04  |l 0  |r 2005-01-02 00:00:00  |w 2026-02-23